Rain guarding for modern methods for natural rubber latex harvest technology (Record no. 66280)

MARC details
000 -LEADER
fixed length control field 00423nam a2200145Ia 4500
100 ## - MAIN ENTRY--AUTHOR NAME
Personal name Vijayakumar K R
245 #0 - TITLE STATEMENT
Title Rain guarding for modern methods for natural rubber latex harvest technology
260 ## - PUBLICATION, DISTRIBUTION, ETC. (IMPRINT)
Name of publisher Indian Rubber Journal
Year of publication 2012
300 ## - PHYSICAL DESCRIPTION
Number of Pages 72-73
500 ## - GENERAL NOTE
General note Source Year: 2012
650 ## - SUBJECT ADDED ENTRY--TOPICAL TERM
Topical Term Latex harvest technology
650 ## - SUBJECT ADDED ENTRY--TOPICAL TERM
Topical Term Rain guarding
942 ## - ADDED ENTRY ELEMENTS (KOHA)
Koha item type Journals
Holdings
Withdrawn status Lost status Damaged status Not for loan Home library Current library Shelving location Date acquired Serial Enumeration / chronology Koha item type
      Journals RRII Library RRII Library Physiology 14/12/2012 Volume 150, Issue Se-Oc Journals